|
|
|
|
| LEADER |
01822nam a22004571i 4500 |
| 001 |
EBC3421285 |
| 003 |
MiAaPQ |
| 005 |
20200520144314.0 |
| 006 |
m o d | |
| 007 |
cr cnu|||||||| |
| 008 |
130924s1959 ctua ob 001 0 eng d |
| 020 |
|
|
|z 9780300013726
|
| 020 |
|
|
|a 9780300191677
|q (electronic bk.)
|
| 035 |
|
|
|a (MiAaPQ)EBC3421285
|
| 035 |
|
|
|a (Au-PeEL)EBL3421285
|
| 035 |
|
|
|a (CaPaEBR)ebr10767068
|
| 035 |
|
|
|a (OCoLC)923604495
|
| 040 |
|
|
|a MiAaPQ
|b eng
|e rda
|e pn
|c MiAaPQ
|d MiAaPQ
|
| 043 |
|
|
|a n-us---
|
| 050 |
|
4 |
|a HG4529.5
|b .M373 1959
|
| 082 |
0 |
|
|a 332.6
|2 22
|
| 100 |
1 |
|
|a Markowitz, H.
|q (Harry),
|d 1927-
|
| 245 |
1 |
0 |
|a Portfolio selection :
|b efficient diversification of investments /
|c Harry M. Markowitz.
|
| 264 |
|
1 |
|a New Haven ;
|a London :
|b Yale University Press,
|c 1959.
|
| 300 |
|
|
|a 1 online resource (368 pages) :
|b illustrations.
|
| 336 |
|
|
|a text
|2 rdacontent
|
| 337 |
|
|
|a computer
|2 rdamedia
|
| 338 |
|
|
|a online resource
|2 rdacarrier
|
| 490 |
1 |
|
|a Cowles foundation for research in economics. Monograph ;
|v 16
|
| 504 |
|
|
|a Includes bibliographical references and index.
|
| 588 |
|
|
|a Description based on online resource; title from PDF title page (ebrary, viewed October 12, 2013).
|
| 590 |
|
|
|a Electronic reproduction. Ann Arbor, MI : ProQuest, 2015. Available via World Wide Web. Access may be limited to ProQuest affiliated libraries.
|
| 650 |
|
0 |
|a Finance
|z United States
|x History.
|
| 650 |
|
0 |
|a Investment analysis.
|
| 650 |
|
0 |
|a Investments.
|
| 650 |
|
0 |
|a Portfolio management.
|
| 650 |
|
0 |
|a Stocks.
|
| 655 |
|
4 |
|a Electronic books.
|
| 797 |
2 |
|
|a ProQuest (Firm)
|
| 830 |
|
0 |
|a Monograph (Yale University. Cowles Foundation for Research in Economics) ;
|v 16.
|
| 856 |
4 |
0 |
|u https://ebookcentral.proquest.com/lib/matrademy/detail.action?docID=3421285
|z Click to View
|